Państwa posiadające na fladze kolor czarny. - Statystyki

Ogólne statystyki
  • Ten quiz został rozwiązany 193 razy
    133 od ostatniego zresetowania
  • Średni wynik to 19 z 58
Statystyki odpowiedzi
Państwo: % Poprawnych
Niemcy
86%
Belgia
74%
Albania
58%
Egipt
55%
Estonia
51%
Kenia
48%
Angola
42%
Antigua i Barbuda
42%
Dominika
42%
Meksyk
40%
Belize
38%
Republika Południowej Afryki
38%
Syria
38%
Dominikana
37%
Libia
37%
Sudan
37%
Ekwador
35%
Irak
35%
Jamajka
35%
Bahamy
34%
Barbados
34%
Sudan Południowy
34%
Tanzania
34%
Trynidad i Tobago
34%
Zambia
34%
Zimbabwe
34%
Zjednoczone Emiraty Arabskie
34%
Jemen
32%
Mołdawia
32%
Papua-Nowa Gwinea
32%
Paragwaj
32%
Afganistan
31%
Ghana
31%
Gwinea Równikowa
31%
Jordania
31%
Botswana
29%
Chorwacja
28%
Mozambik
28%
Saint Kitts i Nevis
28%
San Marino
28%
Uganda
28%
Saint Lucia
26%
Salwador
26%
Liechtenstein
25%
Gwinea Bissau
23%
Korea Południowa
23%
Kuwejt
23%
Fidżi
22%
Malta
22%
Bhutan
20%
Lesotho
20%
Malawi
18%
Vanuatu
18%
Kambodża
17%
Eswatini
15%
Timor Wschodni
14%
Brunei
12%
Palestyna
11%
Nie znaleziono quizów pasujących do podanych kryteriów
Rozkład punktacji
Procent ludzi z każdym wynikiem
Percentyl według liczby udzielonych odpowiedzi
Twoja historia wyników
Nie rozwiązałeś tego quizu od ostatniego zresetowania